Rekonštrukcia DK Zrkadlový háj, Bratislava - interiér
Gespeichert in:
| 1. Verfasser: | |
|---|---|
| Weitere Verfasser: | |
| Format: | Manuskript Buch |
| Sprache: | Slowakisch |
| Veröffentlicht: |
Bratislava
2015
|
| Schlagworte: | |
| Online-Zugang: | http://is.stuba.sk/zp/portal_zp.pl?podrobnosti=112565 |
| Tags: |
Keine Tags, Fügen Sie das erste Tag hinzu!
|
MARC
| LEADER | 00000ntm a22000003a 4500 | ||
|---|---|---|---|
| 001 | stuzp52355 | ||
| 003 | SK-STU | ||
| 005 | 20210305123623.5 | ||
| 007 | ta | ||
| 008 | 150427s2015----xo-----f-mn---000-0-slo-d | ||
| 040 | |a STU |b slo | ||
| 041 | 0 | |a slo | |
| 100 | 1 | |a Lesajová, Tatiana, |d 1984- |u 055150 |4 aut |U FA Fakulta architektúry |U FAD Fakulta architektúry |T FA Ústav interiéru a výstavníctva |X 68895 |U A5150 |Y 396 |7 A000068895 | |
| 242 | 0 | 1 | |a Rekonštrukcia DK Zrkadlový háj, Bratislava – interiér |y eng |
| 245 | 1 | 0 | |a Rekonštrukcia DK Zrkadlový háj, Bratislava - interiér |
| 260 | |c 2015 |a Bratislava | ||
| 650 | 4 | |a kultúrne centrum |2 slo | |
| 650 | 4 | |a rekonštrukcia |2 slo | |
| 650 | 4 | |a interiér |2 slo | |
| 650 | 4 | |a reconstruction |2 eng | |
| 650 | 4 | |a interior |2 eng | |
| 650 | 4 | |a cultural centre |2 eng | |
| 700 | 1 | |a Daniel, Peter, |d 1968- |4 ths |X 388 |7 A000000388 | |
| 856 | 4 | |u http://is.stuba.sk/zp/portal_zp.pl?podrobnosti=112565 |u https://opac.crzp.sk/?fn=detailBiblioForm&sid=D6D76FDBEB5D0472D97DCFD57304 | |
| SQL | |a stuzp52355 |b DDP |c SLO |d Rekonštrukcia DK Zrkadlový háj, Bratislava - interiér |e 68895 |f Lesajová, Tatiana |g 055150 |h 388 |i Daniel, Peter |j 20150603 |k 640 |l 05 |m http://is.stuba.sk/zp/portal_zp.pl?podrobnosti=112565 |n I-DZ |o 2.2.6. dizajn | ||